| 000 | 01090cam a22002771ia4500 | ||
|---|---|---|---|
| 003 | SA-RiAUC | ||
| 005 | 20250902085904.0 | ||
| 008 | 250810s1969 ua g f000 0dara c | ||
| 040 |
_aSD-OmOIU _bara _cSA-RiAUC. _erda |
||
| 050 | 4 | _b.S94 1969 | |
| 082 | 0 | 4 |
_a953 _qSA-RiAUC |
| 090 |
_a953 _bس ل ي |
||
| 100 | 1 |
_aسليمان، أحمد السعيد، _d1924-1991 _eمؤلف. |
|
| 245 | 1 | 0 |
_aتاريخ الدول الإسلامية ومعجم الأسر الحاكمة / _cأحمد السعيد سليمان. |
| 246 | 3 | 0 | _aمعجم الأسر الحاكمة |
| 264 | 1 |
_aالقاهرة : _bدار المعارف، _c1969 |
|
| 300 |
_a2 مجلد ؛ _c24 سم |
||
| 336 |
_aنص _btxt _2rdacontent _3كتاب |
||
| 337 |
_aبدون وسيط _bn _2rdamedia |
||
| 338 |
_aمجلد _bnc _2rdacarrier |
||
| 500 | _aالتاريخ من المقدمة. | ||
| 651 | 7 |
_aالبلاد الإسلامية _xملوك وحكام _vتراجم _2aucsh |
|
| 651 | 7 |
_aالبلاد الإسلامية _xتاريخ _2aucsh |
|
| 942 |
_2ddc _cBOOK _n0 |
||
| 949 |
_aSA-JeALM _d250810 _umohamedma123 _n1 |
||
| 999 |
_c11382 _d11382 |
||